Schaak: laat je niet slaan #1 - Sudden Death - Statistieken

Algemene statistieken
  • Deze quiz is 170 keer genomen
  • De gemiddelde score is 6 van 15
Answers on the Grid
Answers color-coded by a green-red scale on the quiz's grid according to % correct below.
 
Antwoordstatistieken
Antwoord % Correct
55%
48%
48%
48%
45%
45%
45%
42%
42%
42%
42%
30%
27%
21%
15%
Geen overeenkomende quizzen gevonden
Scoreverdeling
Procent van Mensen met Elke Score
Percentiel versus Aantal Correcte Antwoorden
Uw Scoregeschiedenis
U heeft deze quiz nog niet genomen